Largest Cities in South America with Exceptions - Statistics

General Stats
  • This quiz has been taken 26 times
  • The average score is 13 of 15
Answers on the Map
Answers color-coded by a green-red scale on the quiz's map according to % correct below.
 
Answer Stats
Population City % Correct
9,800,000 Bogotá
100%
16,600,000 Buenos Aires
100%
11,100,000 Lima
100%
7,800,000 Santiago
100%
2,375,000 Asunción
96%
3,775,000 Caracas
96%
2,775,000 Quito
96%
2,125,000 La Paz
92%
4,100,000 Medellín
88%
2,900,000 Cali
85%
3,200,000 Guayaquil
77%
2,175,000 Santa Cruz
77%
2,150,000 Barranquilla
73%
2,675,000 Maracaibo
73%
2,025,000 Valencia
50%
No matching quizzes found
Score Distribution
Percent of People with Each Score
Percentile by Number Answered
Your Score History
You have not taken this quiz